Personnalitées nées un 28 octobre - Statistiques

Statistiques générales
  • Ce quiz a été pris 43 fois
  • Le résultat moyen est 6 sur 10
Statistiques - réponses
Indice Réponse % Correct
Humoriste et comédien français, fondateur des Restos du Coeur Coluche
100%
Actrice notamment connue pour son rôle dans Pretty Woman Julia Roberts
79%
Cofondateur de Microsoft Bill Gates
77%
Gagnant de l'Oscar du meilleur acteur pour son rôle du Joker en 2019 Joaquin Phoenix
62%
Première femme victorieuse de la route du Rhum en 1990 Florence Arthaud
54%
Championne olympique de ski de bosses en 2018 Perrine Laffont
54%
Nageuse française championne olympique en 2012 et tragiquement décédée en 2015 dans un accident d'hélicoptère Camille Muffat
49%
Producteur et animateur télé français, ayant notamment animé On n'demande qu'à en rire Jérémy Michalak
33%
Philosophe et humaniste néerlandais du XVe siècle Érasme
28%
Actrice française connue pour avoir joué dans plusieurs films caractéristiques de la Nouvelle Vague (Le Beau Serge, Les Bonnes Femmes...) Bernadette Lafont
23%
Aucun quiz correspondant
Distribution des résultats
% des personnes avec chaque résultat
Percentile par nombre de réponses
Votre historique - résultats
Vous n’avez pas pris ce quiz